[Event "EU-Cup 13th Group2"]
[Site "Eupen"]
[Date "1997.09.22"]
[Round "1"]
[White "Ehlvest, Jaan"]
[Black "Zilberman, Yaacov"]
[Result "1-0"]
[WhiteElo "2610"]
[BlackElo "2560"]
[Annotator "Huzman,A"]
[PlyCount "53"]
[EventDate "1997.09.22"]
[EventType "team-k.o."]
[EventRounds "3"]
[EventCountry "BEL"]
[SourceTitle "EXT 2020"]
[Source "ChessBase"]
[SourceDate "2019.10.17"]
[SourceVersion "1"]
[SourceVersionDate "2019.10.17"]
[SourceQuality "1"]
[WhiteTeam "Liepaja Baltika"]
[BlackTeam "Herzliya Chess Club"]
[WhiteTeamCountry "LAT"]
[BlackTeamCountry "ISR"]

1. Nf3 d5 2. d4 Nf6 3. c4 dxc4 4. e3 e6 5. Bxc4 c5 6. Qe2 a6 7. dxc5 Bxc5 8.
O-O Nc6 9. e4 Qc7 10. e5 Nd7 (10... Ng4 11. Bf4 f6 12. Nbd2 Ngxe5 13. Nxe5 fxe5
(13... Nxe5 14. Rac1 Qe7 15. Bxe5 fxe5 16. Qxe5 O-O 17. Ne4 Bb6 18. Ng5 h6 19.
Nxe6 Bxe6 20. Qxe6+ Qxe6 21. Bxe6+ Kh8 22. Rc2 Rfe8 23. Bd5 $16 {1-0 Komarov,
D-Todorov,O/Cappelle op 1997/EXP 57 (32)}) 14. Bg3 O-O 15. Rac1 Qe7 16. Nf3 Nd4
17. Nxd4 exd4 18. Qe4 Bd7 19. Qxb7 Kh8 20. Qe4 Bb5 21. Be5 Rad8 22. Bxb5 axb5
23. Bxg7+ Qxg7 24. Rxc5 d3 $44 {1/2-1/2 Gleizerov,E-Savchenko,S/Alushta 1993/
CBM 36/[Ftacnik] (32)}) 11. Bf4 b5 12. Bb3 (12. Bd3 Bb7 13. Nc3 Nb4 14. Be4
Bxe4 15. Nxe4 Nd5 16. Bg3 O-O 17. Rac1 Qb6 18. Nxc5 Nxc5 19. Qc2 Rac8 20. a3 a5
21. Ng5 g6 22. h4 Rc7 23. Qe2 h6 24. Nf3 Rfc8 25. Nd4 Na4 26. Rxc7 Nxc7 {
Gofshtein,L-Zilberman,Y/Herzliya 1993/CBM 39/1/2-1/2 (53)}) 12... Bb7 (12...
Be7 13. Nbd2 Nc5 14. Ne4 (14. Rac1 Nxb3 15. Nxb3 Bb7 16. Nfd4 Nxd4 17. Nxd4 Qd7
18. Rfd1 O-O 19. Nf5 Bd5 20. Rxd5 {1-0 Gaprindashvili,N-Dlugy,M/Brussels mix
1987/EXT 87}) 14... Nxe4 15. Qxe4 Bb7 16. Rac1 Rc8 17. Rc3 Qb8 18. Rfc1 Na7 19.
Qe2 O-O 20. Ng5 Bxg5 21. Bxg5 Nc6 $132 {[%cal Yc6d4] 1/2-1/2 Dlugy,M-Lev,R/
Lloyds Bank op 1987/TD 87\02 (27)}) 13. Nc3 {[%cal Gc3e4,Ge4d6]} Ne7 14. Ne4
Ng6 15. Bg3 Bxe4 16. Qxe4 $16 {[%cal Gh2h4,Gh4h5] Advantage of two bishops and
possibility of attack on the king's side give to white clear advantage.
advantage of two bishops and possibility of attack on the king's side gives to
white clear advantage} O-O 17. Rac1 Rac8 18. h4 Rfe8 (18... Rfd8 19. h5 Ne7 20.
Bh4 {[%cal Gh4d8]}) 19. h5 Ne7 20. Bf4 {[%cal Gh5h6]} (20. h6 $5 g6 21. Bf4 {
-see game}) 20... Nf8 $2 {[%csl Rc5]} (20... Qa7 $142 21. h6 g6 22. Nh2 $40 {
[%csl Rf6][%cal Gh2g4]}) 21. h6 g6 22. Be3 $18 Qa7 (22... Nd7 23. Rfd1 $18) 23.
Bxc5 Rxc5 24. Qf4 {[%cal Gf4f6,Gf6g7]} Nd7 25. Rfd1 {[%cal Gc1c5]} Rec8 26.
Rxc5 Nxc5 (26... Rxc5 27. Qf6 $1 Nf5 28. Bxe6 $1 $18) 27. Qf6 1-0

[Event "Nordic-ch VISA"]
[Site "Reykjavik"]
[Date "1997.10.10"]
[Round "3"]
[White "Schandorff, Lars"]
[Black "Thorhallsson, Throstur"]
[Result "1/2-1/2"]
[WhiteElo "2505"]
[BlackElo "2510"]
[Annotator "Huzman,A"]
[PlyCount "92"]
[EventDate "1997.10.08"]
[EventType "tourn"]
[EventRounds "13"]
[EventCountry "ISL"]
[EventCategory "10"]
[SourceTitle "CBM 062"]
[Source "ChessBase"]
[SourceDate "1998.01.31"]
[SourceVersion "1"]
[SourceVersionDate "1998.01.31"]
[SourceQuality "1"]

1. d4 d5 2. c4 dxc4 3. Nf3 Nf6 4. e3 e6 5. Bxc4 c5 6. Qe2 a6 7. dxc5 Bxc5 8.
O-O b5 9. Bd3 Bb7 $2 (9... Nc6 10. Nbd2 Bb7 11. e4 Nd7 12. Nb3 Bd6 13. Rd1 Qb8
14. Be3 O-O 15. Rac1 Nce5 16. Nxe5 Nxe5 17. Bc5 Rd8 18. Bxd6 Rxd6 19. Qe3 Nc4
20. Bxc4 Rxd1+ 21. Rxd1 bxc4 22. Nc5 Bc6 23. Qd4 h6 24. Rc1 {Ruban,V-Ehlvest,J/
Novosibirsk 1993/CBM 36/0-1 (62)}) 10. Bxb5+ (10. Nbd2 Nbd7 11. a3 Qb8 12. b4
Bd6 13. Bb2 Ng4 14. h3 Nge5 15. Be4 {1/2-1/2 Astrom,R-Ornstein,A/SWE-ch 1995/
EXP 49}) 10... Ke7 (10... Nbd7 11. Ba4 O-O 12. Nc3 Qc7 13. a3 (13. Bc2 Rab8 14.
e4 Ng4 15. h3 Nge5 16. Nxe5 Nxe5 17. Bf4 Bd4 18. Rac1 Rbc8 19. Bb3 Qa5 20. Bd2
Kh8 21. Kh1 Qb6 22. Na4 Qb5 23. Nc3 Qxe2 24. Nxe2 Bxb2 25. Rxc8 Rxc8 26. Rb1
Bxe4 27. Rxb2 Nd3 {Gleizerov,E-Bashkov,V/Cheliabinsk 1993/EXP 38/1-0 (48)})
13... Ba7 14. Bc2 Rac8 15. e4 Ng4 16. h3 Nge5 17. Bf4 Qc4 18. Nxe5 Qxe2 19.
Nxe2 Nxe5 20. Rfc1 Nc4 21. b3 e5 22. Bg3 Nd2 23. Bxe5 Nxe4 24. Bd4 Bxd4 25.
Nxd4 {Gelfand,B-Gdanski,J/Oakham YM 1988/TD 88\02/1-0 (60)}) 11. Bd3 Qc7 {
[%cal Yf6g4,Yc7h2]} 12. e4 Ng4 {[%cal Yb8c6,Yc6d4]} 13. Bg5+ (13. h3 $2 Nxf2
14. Rxf2 Bxf2+ 15. Kxf2 Qxc1 $19) 13... f6 14. Bh4 {[%cal Gh4g3]} Bd6 15. Bg3
$16 {/+-} h5 16. Nbd2 (16. Bxd6+ Qxd6 17. Rd1 Nc6 (17... Rd8 18. Nc3 Nd7 $16)
18. Bxa6 Bxa6 19. Rxd6 Bxe2 20. Rxc6 Rhb8 $132) 16... Nc6 (16... Bxg3 $5 17.
hxg3 (17. fxg3 $142 $16) 17... h4 $132 18. Nxh4 $140 $2 Rxh4 19. Rfc1 Nc6 20.
Nf1 Rh7 21. Qxg4 Rah8 $19) 17. Rac1 Bxg3 18. hxg3 (18. fxg3 h4 (18... Nge5 {
with some compensation}) 19. gxh4 Rxh4 20. h3 Rah8 $44) 18... h4 19. Nd4 $1
Nge5 20. N2f3 hxg3 21. Nxe5 gxf2+ 22. Kxf2 (22. Qxf2 $6 Qxe5 {[%cal Ye5h2]} 23.
Nxc6+ Bxc6 24. Qc5+ Qxc5+ 25. Rxc5 Kd6 $15) 22... fxe5 23. Nxc6+ Bxc6 24. Qe3 {
[%cal Ge3g5,Ge3c5]} Qd6 (24... Rab8 25. Kg1 $40 {[%cal Ge3g5]}) 25. Rfd1 $36
Be8 26. Be2 $6 (26. Bc4 $1 Qb4 (26... Qb8 27. Qa3+ Kf7 28. Rd6 $16) 27. Qg5+
Kf8 28. Qxe5 $16) 26... Qb8 27. Qc5+ Kf7 $14 {[%cal Yb8a7,Ya7f2]} 28. Rd3 Qa7
$8 (28... Qxb2 29. Rf3+ Kg6 30. Rg3+ Kf6 31. Rf1 $2 $40) 29. Rf3+ Kg6 30. Qxa7
Rxa7 31. Rc8 (31. Rc5 $16) 31... Re7 32. Rg3+ Kf6 33. Rf3+ Kg6 34. Bxa6 $16 Rh1
35. Rg3+ Kf6 36. Rcc3 g5 37. Rgf3+ Kg6 38. Rc5 $6 (38. Be2 Ra1 39. a3 $18)
38... Rb1 39. Rb3 Kf6 40. Be2 Bg6 {[%cal Yg6e4]} 41. Bd3 Ra1 42. a3 Rd7 $132 {
[%csl Re4][%cal Yd7d4,Yg6e4]} 43. Rcc3 {The white lost control over the game
and lose the victory.} Rd4 44. Rb6 Bxe4 45. Bxe4 Rxe4 46. Rd6 (46. Rcc6 Rd4 47.
Rxe6+ Kf5 $132) 46... Rd4 $1 $11 1/2-1/2

[Event "Chigorin Memorial 07th"]
[Site "St Petersburg"]
[Date "1999.11.04"]
[Round "3"]
[White "Kruppa, Yuri"]
[Black "Vaulin, Alexander"]
[Result "1/2-1/2"]
[WhiteElo "2603"]
[BlackElo "2492"]
[Annotator "Huzman,A"]
[PlyCount "33"]
[EventDate "1999.11.02"]
[EventType "swiss"]
[EventRounds "9"]
[EventCountry "RUS"]
[SourceTitle "CBM 074"]
[Source "ChessBase"]
[SourceDate "2000.02.01"]
[SourceVersion "1"]
[SourceVersionDate "2000.02.01"]
[SourceQuality "1"]

1. d4 d5 2. c4 dxc4 3. Nf3 a6 4. e3 e6 5. Bxc4 c5 6. O-O Nf6 7. Qe2 b5 8. Bd3
Nbd7 9. a4 bxa4 (9... b4) 10. Rxa4 (10. e4 cxd4 11. e5 Nd5 12. Rxa4 Nb4 $11)
10... cxd4 11. exd4 Be7 12. Nc3 (12. Bxa6 $6 Qb6 13. Bb5 Rxa4 14. Bxa4 Ba6 $17)
12... h5 {May be it is mistake in the text of the game.It is right 12...a5} (
12... a5 13. Ne5 (13. d5 Nc5 14. Bb5+ Kf8 15. Rd4 exd5 $13) 13... Bb7 14. Bb5
O-O 15. Nc6 Bxc6 16. Bxc6 Nb6 17. Ra1 (17. Bxa8 Nxa4 18. Bc6 (18. Bf3 Qxd4 $17)
18... Nxc3 (18... Nb6 19. Qb5 Qc7 $11) 19. bxc3 Qc7 20. Qf3 Rc8 21. Bb7 Rb8 22.
Ba6 Bd6 23. h3 a4 $132) 17... Rc8 18. Bb7 Rb8 19. Bf3 Nbd5 $11) 13. Ne5 Bb7 14.
Bb5 O-O 15. Nc6 Bxc6 16. Bxc6 Nb6 17. Ra1 1/2-1/2

[Event "Montreal 1st"]
[Site "Montreal"]
[Date "2000.08.06"]
[Round "4"]
[White "Lazarev, Vladimir"]
[Black "Charbonneau, Pascal"]
[Result "1/2-1/2"]
[WhiteElo "2478"]
[BlackElo "2326"]
[Annotator "Huzman,A"]
[PlyCount "105"]
[EventDate "2000.08.03"]
[EventType "tourn"]
[EventRounds "11"]
[EventCountry "CAN"]
[EventCategory "9"]
[SourceTitle "CBM 079"]
[Source "ChessBase"]
[SourceDate "2000.11.21"]
[SourceVersion "1"]
[SourceVersionDate "2000.11.21"]
[SourceQuality "1"]

1. d4 d5 2. c4 dxc4 3. Nf3 Nf6 4. e3 e6 5. Bxc4 c5 6. O-O a6 7. Bb3 Nc6 8. Nc3
b5 9. Qe2 Qb6 10. d5 Nxd5 11. Nxd5 exd5 12. Bxd5 Ra7 13. a4 b4 (13... Nb4 14.
e4 Re7 15. Be3 $36 bxa4 16. Rxa4 $1 Bd7 $140 17. Rxb4 Qxb4 18. Qxa6 $18) 14. h3
(14. Nd2 $5 Ne7 (14... Ne5 15. e4 (15. Nc4 Nxc4 16. Qxc4 $36)) 15. Nc4 Qf6 16.
e4 $16) 14... Be7 15. e4 O-O 16. Be3 $16 Be6 17. Rfd1 Rc7 18. Rac1 Na5 19. Rd3
(19. Ne5 Bf6 20. Nc4 Nxc4 21. Rxc4 $36 {[%csl Rc5]}) 19... Bxd5 20. Rxd5 Nb3
21. Rc4 Na5 22. Rc1 Nb3 23. Rc4 Na5 24. Rc2 b3 25. Rc1 Qe6 26. Bd2 (26. Bg5 $1
f6 27. Nd4 $1 Qb6 28. Bf4 Rcc8 29. Nf5 $16) 26... Nc6 27. Qc4 Bf6 $2 (27...
Rcc8 28. Qxb3 (28. Rd3 Rcd8 29. Qxe6 (29. Rxb3 Nd4 30. Nxd4 Rxd4 31. Qxe6 fxe6
32. Be3 Rxa4 33. Rb7 Rf7 34. Rd1 Bf8 $14) 29... fxe6 30. Rxd8 Rxd8 31. Be3 Nb4
$132) 28... Qxe4 29. Re1 Rb8 (29... c4 30. Rxe4 cxb3 31. Rd3 $16) 30. Rxe4 Rxb3
31. Bc3 $16) 28. Bc3 $2 (28. Rxc5 $1 Bxb2 (28... Rfc8 29. Qxe6 fxe6 30. e5 $18)
(28... Qxc4 29. R1xc4 $18) 29. Qxe6 fxe6 30. Rxc6 Bxc1 31. Rxc7 b2 32. Rb7 Rd8
33. Be1 $18) 28... Ne7 29. Ba5 (29. Bxf6 Qxf6 (29... Nxd5 30. Be5 $18) 30. Rd2
$16) 29... Rb7 30. Rd2 Nc6 31. Qxe6 fxe6 32. Rxc5 (32. Bc3 $1 Be7 33. Rcd1 $14)
32... Nxa5 33. Rxa5 Bc3 34. bxc3 b2 35. Rxb2 Rxb2 36. Rxa6 Rd8 37. Rxe6 (37. g3
$5 Rf8 38. Kg2 Rc2 39. Rc6 Ra8 40. Nd4 $16) 37... Rd1+ 38. Kh2 Rxf2 $16 39. e5
Ra1 40. Kg3 Raa2 41. Ra6 Rxg2+ 42. Kf4 Rgc2 43. e6 (43. Ra8+ $5 Kf7 44. Ng5+
Kg6 (44... Ke7 45. Ra7+ Ke8 46. Ne4 $16) 45. Ra6+ Kh5 46. Ne4 $16) 43... Kf8
44. Ke5 $6 (44. Ra8+ Ke7 45. Ra7+ Kxe6 46. Nd4+ Kd6 47. Nxc2 Rxc2 48. Rxg7 Rxc3
49. Rxh7 Rc4+ 50. Kf5 Rxa4 $11) 44... Rxc3 $11 45. Ra8+ Ke7 46. Ra7+ Kf8 47.
Ra8+ Ke7 48. Ra7+ Kf8 49. Nd4 Rc8 50. Rf7+ Kg8 51. Ra7 (51. Nf5 Re2+ $11) 51...
Kf8 52. Rf7+ Kg8 53. Ra7 1/2-1/2

[Event "RUS-ch 54th"]
[Site "Elista"]
[Date "2001.05.03"]
[Round "4"]
[White "Makarov, Marat"]
[Black "Karpatchev, Aleksandr"]
[Result "1-0"]
[WhiteElo "2511"]
[BlackElo "2404"]
[Annotator "Huzman,A"]
[PlyCount "83"]
[EventDate "2001.04.29"]
[EventType "swiss"]
[EventRounds "9"]
[EventCountry "RUS"]
[SourceTitle "CBM 083"]
[Source "ChessBase"]
[SourceDate "2001.07.05"]
[SourceVersion "1"]
[SourceVersionDate "2001.07.05"]
[SourceQuality "1"]

1. d4 d5 2. Nf3 (2. c4 c6 3. Nf3 Nf6 4. e3 e6 5. Bd3 dxc4 6. Bxc4 b5 7. Bd3 a6
8. O-O Bb7 9. a4 b4 10. Qe2 c5 11. dxc5 Bxc5 12. e4 Nbd7 13. Nbd2 e5 14. Nc4
O-O 15. b3 Ba7 16. Bg5 Bb8 17. Rad1 Re8 18. Nh4 h6 19. Bc1 Nc5 20. Bc2 Qc7 21.
Nd6 Rd8 22. Nhf5 $16 {1-0 Chiburdanidze,M-Polgar,S/Erevan 1996/EXT 97 (41)})
2... Nf6 3. c4 dxc4 4. e3 e6 5. Bxc4 a6 6. O-O b5 (6... Be7 7. Qe2 b5 8. Bd3 c5
9. dxc5 Bxc5 10. a4 b4 11. e4 Bb7 12. Nbd2 Nbd7 13. e5 Nd5 14. Ne4 Qb6 15. a5
Qa7 16. Bd2 Be7 17. Rac1 $36 {1/2-1/2 Perun,S-Semenova,L/Kiev Kurass Memorial
2000/Ajelibre (32)}) 7. Bd3 Bb7 8. a4 b4 9. Qe2 c5 10. dxc5 Bxc5 11. e4 Nbd7 (
11... Nc6 12. Nbd2 e5 (12... Nd7 13. Nb3 Be7 14. Rd1 Na5 15. Ne5 Nxb3 16. Bc4
Nbc5 17. Bxe6 fxe6 18. Qh5+ g6 19. Nxg6 Nf6 20. Rxd8+ Rxd8 21. Qe2 hxg6 $19 {
0-1 Biliskov,V-Sulava,N/Pula CRO 1999 (27)}) 13. Nb3 Nd7 14. Rd1 Qe7 15. Bc4 h6
16. a5 Ba7 17. g3 Nc5 18. Be3 Nxb3 19. Bxb3 Bxe3 20. fxe3 O-O 21. Nh4 Rad8 22.
Ng6 $18 {1-0 Minev,N-Drozd,R/Warsaw 1961/MCD (28)}) 12. Nbd2 (12. e5 Ng4 13.
Bf4 Qb8 14. Nbd2 O-O 15. Bxh7+ Kh8 16. Bc2 g6 17. h3 Nxf2 18. Rxf2 Qa7 19. Ne4
$18 {1-0 Krupenski,Y-Jogi,J/Tallinn EST 2000/The Week in Chess 302 (25)}) (12.
Bf4 Nh5 13. Bg5 Qb8 14. Nbd2 h6 15. Be3 Nf4 16. Bxf4 Qxf4 17. e5 $11 {1-0 Wang
Lei-Ardiansyah,H/Beijing 1991/CBM 22 ext (26)}) (12. Bg5 h6 13. Bh4 e5 14. Nbd2
O-O 15. Rac1 Re8 16. Nc4 Qc7 17. Bxf6 Nxf6 18. Nh4 g6 19. Bb1 Rad8 $17 {
0-1 Phan Koshnitsky,N-Jackova,J/Istanbul TUR 2000/The Week in Chess 314 (33)})
12... Be7 (12... Qc7 13. e5 Nd5 14. Nc4 Be7 15. Bg5 Nc5 16. Rac1 O-O 17. Bb1
Nc3 18. bxc3 Bxf3 19. Qxf3 Bxg5 20. Rcd1 Nxa4 21. Qd3 g6 22. cxb4 Rab8 $15 {
0-1 Novikov,I-Ardiansyah,H/Beijing 1991/CBM 22 ext (40)}) 13. Nb3 Nc5 (13...
O-O 14. Rd1 Qb8 15. Bg5 Rd8 16. Rac1 Ne5 17. Nxe5 Qxe5 18. Bh4 Rdc8 19. f3 Qh5
20. Bg3 Nd7 21. Rxc8+ Bxc8 22. e5 f5 23. Qc2 Qe8 24. Qc6 $18 {1-0 Lundin,
E-Muffang,A/Warsaw ol 1935 (36)}) 14. Nxc5 Bxc5 15. Bf4 (15. a5 Nd7 16. Rd1 e5
17. Bc4 Qc7 18. Bxf7+ {1-0 Diez del Corral,J-Durao,J/Skopje olm 1972/MCD-ol 
(18)}) 15... Qe7 (15... O-O $5 16. Rac1 Qe7 17. Bg5 h6 18. Bh4 g5 19. Bg3 Nh5
$11) 16. Rac1 Nd7 17. e5 h6 (17... O-O $2 18. Bxh7+ Kxh7 19. Ng5+ Kg6 20. Qd3+
f5 21. Qg3 $1 $40) 18. Be4 $1 Bxe4 19. Qxe4 O-O 20. a5 $1 {[%csl Ra6][%mdl 36]
This is typical position. Makarov is starting long-term plan and first step is
fixing weak pawn on a6.} (20. Nd2 $5) 20... Rfc8 21. Nd2 $1 {[%mdl 32] Next
step-Knight is getting transfered to b3.} Rab8 22. Nb3 Nf8 23. Qe2 Ng6 24. Bg3
Rb5 25. Rc4 $1 {[%mdl 32] White are getting control over c-line.} Ra8 (25...
Rd8 26. Rfc1 Rd5 27. Qc2 Ba7 28. Rc8+ Rd8 29. Qc6 $16) 26. Rfc1 Ba7 27. h4 $16
(27. Rc6 Qb7 $5) 27... Qf8 28. Rc6 {White are winning weak a6-pawn.} Ne7 (28...
Qb8 29. Kh2 Ne7 (29... Qb7 30. h5 Nf8 31. f4 $16) 30. Rxa6 Nf5 31. Rac6 Rd5 32.
Rc7 $16) 29. Rxa6 Qb8 30. Nd4 $1 Bxd4 $2 (30... Rd5 31. Nc6 Nxc6 32. Rcxc6 $16)
31. Rxa8 Qxa8 32. Qxb5 $18 Nf5 33. Kh2 Bxb2 34. Rc7 Qe4 35. Rc4 Bd4 36. Rxb4
Nxh4 37. Qb7 $1 Qg4 38. Rxd4 $1 Qxd4 39. a6 Nf5 40. a7 Kh7 41. a8=Q Nxg3 42.
fxg3 1-0

[Event "FIDE-Wch k.o."]
[Site "New Delhi/Teheran"]
[Date "2000.12.01"]
[Round "2.2"]
[White "Lesiege, Alexandre"]
[Black "Tkachiev, Vladislav"]
[Result "1/2-1/2"]
[WhiteElo "2584"]
[BlackElo "2657"]
[Annotator "Huzman,A"]
[PlyCount "97"]
[EventDate "2000.11.27"]
[EventType "k.o."]
[EventRounds "7"]
[EventCountry "IND"]
[SourceTitle "CBM 081"]
[Source "ChessBase"]
[SourceDate "2001.03.20"]
[SourceVersion "1"]
[SourceVersionDate "2001.03.20"]
[SourceQuality "1"]

1. d4 d5 2. c4 dxc4 3. e3 e6 4. Bxc4 Nf6 5. Nf3 c5 6. Qe2 a6 7. dxc5 Bxc5 8.
O-O b5 9. Bd3 Nc6 10. Rd1 Qc7 11. a4 bxa4 12. Nc3 Bb7 (12... Nb4 13. Bb1 (13.
Ne4 Be7 14. Nxf6+ Bxf6 15. Be4 Bb7 16. Bxb7 Qxb7 17. Rxa4 O-O $11 {1/2-1/2
Pirc,V-Flohr,S/Sliac 1932/HCL (29)}) 13... Bb7 14. Nxa4 Bd6 15. e4 O-O 16. Qe1
e5 17. Bg5 Rfd8 18. Rc1 Bc6 19. h3 a5 20. Bxf6 gxf6 21. Qe3 Bf8 22. Nb6 Ra6 23.
Nd5 Nxd5 24. exd5 Rxd5 25. Ra4 $44 {1/2-1/2 Lesiege,A-Lazarev,V/Montreal Intl.
2000/ (50)}) (12... O-O 13. Ne4 (13. Nxa4 Bd6 14. Bd2 Nb4 15. Rdc1 Qb8 16. Bxb4
Bxb4 17. Nd4 Bd6 18. h3 a5 19. Bb5 Bb7 20. Nc6 Bxc6 21. Rxc6 Bb4 $11 {0-1
Lundin,A-Johansson,J/SVE-ch (08) ;TD 91\06 1991 (29)}) 13... Be7 14. Rxa4 Nd5
15. Bd2 Ncb4 16. Nc3 Nxc3 17. Bxc3 Nxd3 18. Rxd3 Bd7 19. Rg4 f6 20. Qd1 Rad8
21. Qb3 Bc8 $11 {1-0 Lputian,S-Rublevsky,S/Helsinki 1992/CBM 32 (75)}) 13. Nxa4
(13. Ne4 Nb4 14. Nxf6+ gxf6 15. Bb1 Rg8 16. e4 Rd8 17. Rxd8+ Qxd8 18. Bd2 Qb6
19. Rxa4 Ke7 20. Ra1 a5 $11 {0-1 Fominyh,A-Ibragimov,I/EUCup f Budapest 1996/
CBM 56/[Ftacnik] (43)}) 13... Bd6 14. Bd2 O-O 15. Rdc1 Rfd8 16. Rc2 (16. Nc5 $2
Bxc5 17. Rxc5 Qd6 18. Rc3 Nb4 $17) (16. b4 Qb8 17. Nc5 (17. Nb6 Ra7 18. Bxa6
Bxa6 19. Rxa6 Rxa6 20. Qxa6 Nxb4 $11) 17... Nxb4 $1 18. Nxb7 Nxd3 19. Nxd8 Nxc1
20. Bxc1 Qxd8 21. Rxa6 $11) 16... Qb8 17. Nb6 (17. Rac1 Nb4 18. Bxb4 Bxb4 $11)
17... Ra7 18. Nc4 Nb4 19. Bxb4 Bxb4 $15 20. Nfe5 a5 21. Rac1 g6 (21... Bd5 $5
22. f4 Rc7 $15) 22. f4 Ba8 23. Na3 Bxa3 24. bxa3 $11 Qd6 25. a4 Qe7 26. Bb5 Be4
27. Rc3 Qd6 28. Nc6 Bxc6 29. Rxc6 Qb4 30. R6c4 Qe7 31. e4 e5 32. Qf3 Kg7 33. h3
Nh5 34. f5 (34. g3 Qd6 (34... exf4 35. gxf4 Qh4 36. e5 Rd2 37. f5 Qg5+ 38. Rg4)
35. Qc3 Re7 36. f5 Qd2 $132) 34... Nf6 35. g4 h6 36. fxg6 fxg6 37. Qe3 Rb7 38.
g5 hxg5 39. Qxg5 Nh5 $132 40. Qxe7+ Rxe7 41. h4 (41. Rc7 $5 Rxc7 42. Rxc7+ Kf6
43. Ra7 Nf4 44. Rxa5 Nxh3+ 45. Kg2 $14) 41... Nf6 42. R1c2 Kh6 43. Rg2 Nh5 44.
Rgc2 Rd1+ 45. Kh2 Rf7 46. Rc5 Rf4 47. Rxe5 Rxh4+ 48. Kg2 Rdh1 49. Rf2 1/2-1/2

[Event "Cannes masters k.o."]
[Site "Cannes"]
[Date "2000.02.20"]
[Round "2.2"]
[White "Lupu, Mircea Sergiu"]
[Black "Tkachiev, Vladislav"]
[Result "1/2-1/2"]
[WhiteElo "2478"]
[BlackElo "2670"]
[Annotator "Huzman,A"]
[PlyCount "81"]
[EventDate "2000.02.19"]
[EventType "k.o."]
[EventRounds "5"]
[EventCountry "FRA"]
[SourceTitle "CBM 076"]
[Source "ChessBase"]
[SourceDate "2000.05.31"]
[SourceVersion "1"]
[SourceVersionDate "2000.05.31"]
[SourceQuality "1"]

1. Nf3 d5 2. d4 Nf6 3. c4 dxc4 4. e3 e6 5. Bxc4 c5 6. O-O a6 7. Qe2 b5 8. Bd3
Nbd7 9. a4 bxa4 10. Nc3 (10. Rxa4 cxd4 11. exd4 Be7 12. Nc3 a5 13. Ne5 Bb7 14.
Bb5 O-O 15. Nc6 Bxc6 16. Bxc6 Nb6 17. Ra1 {1/2-1/2 Kruppa,Y-Vaulin,A/St
Petersburg 1999/CBM 74/ (17)}) 10... Bb7 11. Nxa4 Qc7 (11... cxd4 12. exd4 Be7
13. Bg5 O-O 14. Rfc1 $14) 12. dxc5 (12. Bd2 $1 cxd4 (12... Ng4 13. Rfc1 $1 $16)
13. Rfc1 Qb8 (13... Bxf3 14. Qxf3 Qb8 15. exd4 Bd6 16. h3 $14) 14. Nxd4 Bd6 15.
h3 $36 {[%cal Gd4c6]}) 12... Bxc5 (12... Nxc5 $5 13. Nxc5 Bxc5 14. Bxa6 Ng4 15.
Rd1 O-O 16. h3 Qb6 17. hxg4 Bxa6 $44) (12... Ng4 $5 13. e4 Nxc5 14. Nxc5 Bxc5
15. Bd2 O-O 16. Rac1 (16. Bxa6 Nxf2 17. Rxf2 Qb6 $17) 16... Ne5 $11 17. Bb4
$140 Qd6 $1 18. Bxc5 Qxd3 $11) 13. e4 (13. Nxc5 Nxc5 14. Bc2 O-O $11) 13... Bd6
14. Bg5 O-O $11 15. Rfd1 (15. Rac1 Qa5 16. Nc3 Ng4 $11) 15... Rfc8 16. Bxf6 $6
gxf6 $15 17. g3 Bf8 (17... Ne5 18. Nxe5 Bxe5 19. Qg4+ Kh8 20. Qh5 $11) 18. Bc4
$2 Rd8 $2 (18... Qxc4 19. Qxc4 Rxc4 20. Rxd7 Rb4 $1 $17 {[%cal Yb7c6,Yc6a4,
Yc6d7,Yb7e4]}) 19. b3 Bh6 (19... Bg7 $5) 20. Nd4 Nf8 (20... Ne5 $5 21. f4 Nxc4
22. Rac1 Qa5 23. Rxc4 Rac8 $15) 21. Qh5 Bg7 22. Nc5 $2 (22. Rac1 $1 Qe5 (22...
Qe7 23. Nc5 f5 24. Nxb7 Qxb7 25. Nxf5 $1 exf5 26. Bd5 $14) 23. Qxe5 fxe5 24.
Nc5 Bxe4 25. Ndxe6 Rxd1+ 26. Rxd1 Bf3 27. Rd3 Nxe6 28. Nxe6 Be2 (28... e4 29.
Rd8+ Rxd8 30. Nxd8 $16 a5) 29. Rc3 Bxc4 (29... Rc8 30. Nxg7 Kxg7 31. f3 $11)
30. Nc7 (30. Nxg7 Bxb3 $17) 30... Rb8 31. Rxc4 $11) 22... f5 $1 23. Nxb7 Rxd4
$1 (23... Qxb7 24. exf5 $1 Rxd4 25. Rxd4 Bxd4 26. Qg4+ Bg7 27. f6 Ng6 28. fxg7
Ne5 29. Qf4 Nf3+ 30. Kg2 Ne5+ $11) 24. Rxd4 Bxd4 25. Rd1 Bg7 26. Nd6 Rd8 $17
27. Nxf5 Rxd1+ 28. Qxd1 exf5 29. exf5 a5 30. h4 Nd7 31. Qd5 Nf6 32. Qf3 Qe5 (
32... h5) 33. Qb7 Qe1+ 34. Kg2 Qe4+ 35. Qxe4 Nxe4 36. g4 h6 37. f4 Bf6 38. g5
hxg5 39. hxg5 Nxg5 40. fxg5 Bxg5 41. Kf3 1/2-1/2

[Event "Elbow Beach Club GM-B"]
[Site "Paget Parish"]
[Date "2001.01.26"]
[Round "8"]
[White "Alvarez Marquez, Johan"]
[Black "Thorhallsson, Throstur"]
[Result "0-1"]
[WhiteElo "2383"]
[BlackElo "2462"]
[Annotator "Huzman,A"]
[PlyCount "66"]
[EventDate "2001.01.19"]
[EventType "tourn"]
[EventRounds "11"]
[EventCountry "BER"]
[EventCategory "9"]
[SourceTitle "CBM 081"]
[Source "ChessBase"]
[SourceDate "2001.03.20"]
[SourceVersion "1"]
[SourceVersionDate "2001.03.20"]
[SourceQuality "1"]

1. d4 d5 2. c4 dxc4 3. Nf3 Nf6 4. e3 e6 5. Bxc4 a6 6. O-O c5 7. Nc3 Nc6 8. Qe2
b5 9. Bb3 cxd4 10. Rd1 Na5 (10... Be7 11. exd4 Na5 (11... Nb4 12. d5 (12. Ne5
O-O $2 13. a3 Nbd5 14. Nxd5 exd5 15. Nc6 $18 {1-0 Iliesco-Garcia Vera,R/Buenos
Aires 1937 (25)}) 12... Nbxd5 13. Bg5 Qc7 14. Bxd5 {1-0 Sandstroem,B-Petersson,
A/SVE-chT corr 1980/CR97-80 (14)}) 12. d5 Nxb3 13. dxe6 Nxa1 14. exf7+ Kxf7 15.
Ne5+ Kf8 16. Rxd8+ Bxd8 17. Be3 Be6 18. g4 Rc8 19. g5 Nd7 20. Qf3+ Kg8 21. Nxd7
{1-0 Ernst,H-Mottas,C/Pizol 1998/CBM 64 ext (21)}) (10... Bb7 11. exd4 Nb4 12.
d5 Nbxd5 13. Bg5 Be7 14. Bxf6 gxf6 15. Nxd5 Bxd5 16. Bxd5 exd5 17. Nd4 Kf8 (
17... Qd7 18. Re1 Ra7 19. Rac1 O-O 20. Nc6 Bd8 21. Nxa7 Qxa7 22. Rc3 Qd7 23.
Qh5 Ba5 24. Rg3+ Kh8 25. Qh6 {1-0 Thomsen,K-Rosell,P/Copenhagen 1975 (25)}) 18.
Nf5 h5 19. Rxd5 Qxd5 20. Qxe7+ Kg8 21. Qxf6 {1-0 Spassky,B-Avtonomov/Leningrad
1949 (21)}) 11. Bc2 (11. Nxd4 Qc7 12. e4 Bb7 13. Bg5 Nxb3 14. axb3 Bd6 15. Bxf6
gxf6 16. Qh5 Qc5 $2 17. Nxe6 $1 $18 {1-0 Yakovich,Y-Savchenko,S/Maikop 1998/
CBM 66/[Petursson] (40)}) 11... Bb7 12. exd4 Be7 13. Ne5 (13. Bg5 O-O 14. Qd3
g6 $11) 13... O-O 14. a3 (14. Rd3 b4 15. Na4 Be4 16. Rd1 Bxc2 17. Qxc2 Rc8 18.
Qd3 Nc6 $15) 14... Rc8 15. Rd3 {[%cal Gd3h3,Gh3h7]} Nc4 16. Rb1 (16. Bg5 $5 h6
$1 (16... Nxb2 17. Rh3 g6 18. Qd2 (18. Qe3 Nd5 19. Bxe7 Nxe3 20. Bxd8 Nxc2 $19)
(18. Bh6 Qxd4 19. Bxf8 Bxf8 $17) 18... Nh5 19. Bh6 (19. Bxe7 Qxe7 20. Qh6 f5
21. Bb3 Nc4 22. Bxc4 bxc4 $17) 19... Nc4 20. Nxc4 Rxc4 21. Bxf8 Bg5 $1 22. Qe1
Kxf8 $15) 17. Bxf6 Bxf6 $17) 16... Nd6 $1 {[%cal Yd6f5][%mdl 32]} 17. Rg3 Re8
18. Bh6 Bf8 19. Bg5 Nf5 $1 20. Bxf5 exf5 21. Qd3 $1 (21. Re1 h6 22. Bxf6 (22.
Bxh6 Qxd4 $17) 22... Qxf6 $15) 21... h6 22. Bh4 $2 (22. Bxf6 Qxf6 23. Nd7 Qe6
24. Nxf8 Kxf8 25. Re3 (25. d5 Qe1+ 26. Rxe1 Rxe1+ 27. Qf1 Rxf1+ 28. Kxf1 Rd8
29. Rd3 Ke7 $11 {/=/+}) 25... Qd6 (25... Qf6 26. d5 $14 Rxe3 27. Qxe3 Qd6 $11)
26. Qxf5 Qxd4 $11) 22... f4 $17 23. Bxf6 Qxf6 24. Rh3 Rcd8 25. Rd1 Bd6 (25...
Bc5 $1 26. Nf3 Bxd4 27. Nxd4 Rxd4 $19) 26. Qf1 (26. Nf3 Bc5 $17) 26... Bxe5 27.
dxe5 Qxe5 $19 28. Rhd3 Rxd3 29. Rxd3 a5 30. Rd2 (30. b4 axb4 31. axb4 Qe7 32.
Rd4 f3 $1 33. g3 Qe5 34. Rd3 Qe1 $19) 30... f3 $1 31. g3 b4 32. axb4 axb4 33.
Na4 Ba6 0-1